| 000 | 00833nam a22002897a 4500 | ||
|---|---|---|---|
| 003 | CHAP | ||
| 005 | 20220329134958.0 | ||
| 008 | 971013s1946 r 00010 d | ||
| 010 | _a28990 | ||
| 011 | _a29962 | ||
| 035 | _a34073 | ||
| 040 | _cCHAP | ||
| 082 |
_a530 _bL45 |
||
| 100 | 0 | 0 |
_aLemon, Harvey Brace. _965953 |
| 245 | _aAnalytical experimetal physics | ||
| 260 |
_aChicago : _bUniversity of Chicago Press, _c1946 |
||
| 300 |
_a588 p. _b: ilus. |
||
| 590 |
_aBATCH-UPD _b10 _c20130110 _lUCH01 _h1405 |
||
| 590 |
_aBATCH-UPD _b10 _c20130410 _lUCH01 _h0855 |
||
| 590 |
_aBATCH-UPD _b10 _c20130914 _lUCH01 _h1421 |
||
| 590 |
_aCONVERSION _b10 _c20130109 _lUCH01 _h1317 |
||
| 650 | 1 | 4 |
_aFĂsica. _941975 |
| 700 | 0 |
_aFerence, Michel. _940065 |
|
| 901 | _aBK | ||
| 942 | _cLIBRO | ||
| 949 |
_a530 L45 _bBC _cBPA _d-78969 _eBPA _i34073 _si |
||
| 999 |
_c28990 _d28990 |
||